Introduccin̤ bs̀ica al Derecho Procesal Constitucional Mexicano

Detalles Bibliográficos
Formato: eBook
Lenguaje:español
Publicado: Mx̌ico D.F.: Ediciones Alma, 2013
Materias:
Acceso en línea:Acceso restringido

MARC

LEADER 00000nam a22000007a 4500
005 20131218154519.0
007 cr|||| ||||
008 131218s2013 mx |||||s|||| 00||0 spa d
020 |a 978-607-7684-00-8 
035 |a 11723 
040 |a vLex 
090 |c 4636  |d 4636 
245 0 0 |a Introduccin̤ bs̀ica al Derecho Procesal Constitucional Mexicano  |h [Recurso electrn̤ico]  
256 |a Servicio en ln̕ea 
260 |a Mx̌ico D.F.:  |b Ediciones Alma,  |c 2013 
300 |a 1 recurso electrn̤ico 
506 1 |a Contenido solo disponible en los productos indicados  |d vLex Global  |d vLex Global (Academic Edition, excluding Law Schools)  |d vLex Global (U.S. Academic Edition, Law Schools)  |d vLex Global (U.S. Academic Edition, excluding Law Schools)  |d vLex Global (Academic Edition, Law Schools) 
650 0 4 |a Derecho procesal  |z Mx̌ico 
650 0 4 |a Derecho Constitucional  |z Mx̌ico 
740 0 |a vLex Libros (Servicio en ln̕ea) 
856 4 0 |u http://vlex.com/source/introduccion-basica-al-derecho-procesal-constitucional-mexicano-11723  |z Acceso restringido 
942 |c BOOK 
999 0 |a Procedure (Law) 
999 0 |a Constitutional law